00872cas a22002897a 450000500170000000800410001701000100005801100100006802200140007803500100009224500310010226000560013330000070018931000100019636200150020650000480022159000410026959000410031059000410035159000420039265000540043486600230048886600240051190100070053590500230054299900170056520220329142046.0990507c1975 us ar p rnn 0 0b1eng d a77767 a78739 a0360-0572 a8878400aAnnual Review of Sociology0 aPalo Alto, California :bAnnual Review Inc.,c1975- av. aAnual av.21, 1995 aSe dejó de recibir a partir del v.21,1995 aBATCH-UPDb10c20130110lUCH01h2343 aBATCH-UPDb10c20130410lUCH01h1631 aBATCH-UPDb10c20130914lUCH01h2029 aCONVERSIONb10c20130109lUCH01h134314aSociologíaxPublicaciones periódicas.9108207 av.1-15 (1975-1989) av.18-21 (1992-1995) aSE aLilia Sánchez G. c77767d77767